Statistiques concernant Animaux du Monde

Cliquez ici pour prendre le quiz!

Statistiques générales

  • Ce quiz a été pris 106 fois
  • Le résultat moyen est 8 sur 16

Statistiques - réponses

Réponse% Correct
Crocodile
96%
Kangourou
96%
Dromadaire
93%
Eléphant
89%
Poisson-Clown
87%
Hippocampe
81%
Béluga
67%
Fennec
65%
Gnou
55%
Orques
43%
Bonobo
31%
Marabout
22%
Cordon Bleu à joues rouges / Oiseau
8%
Rapace
7%
Bardot
2%
Cria
0%

Distribution des résultats

Percentile par nombre de réponses

% des personnes avec chaque résultat

Votre développement - résultats

Vous n’avez pas pris ce quiz